000 00313nam a2200133 i 4500
001 bg
100 1 _aLIDL, Rudolf
245 0 _aAlgebra dla przyrodników i inżynierów /
_cR. Lidl.
260 _aWarszawa,
_c1983.
040 _cBPK
041 _apol
942 _cKS
008 s pl f |000 0 pol
999 _c21800
_d21800
856 _uhttp://koha.tu.koszalin.pl/cgi-bin/koha/opac-detail.pl?biblionumber=21800
_yKatalog online BPK